| 000 | 00468nam a2200145Ia 4500 | ||
|---|---|---|---|
| 008 | 200626s9999 xx 000 0 und d | ||
| 020 | _a978-0-470-39308-6 | ||
| 100 | _aHayes, David K. | ||
| 245 |
_cDavid K. Hayes, Allisha A. Miller _aRevenue Management for the hospitality industry / |
||
| 260 |
_aHoboken, N.J. : _bJohn Wiley & Sons _c2011 |
||
| 300 | _axv, 512 pages | ||
| 500 | _aIncludes index. | ||
| 650 | _aEconomic aspects. | ||
| 650 | _aHospitality industry. | ||
| 999 |
_c363775 _d363775 |
||